000 00619nam a22002177a 4500
003 OSt
005 20150327150116.0
008 150327b xxu||||| |||| 00| 0 eng d
020 _a9780387288703
040 _cDDC
082 _222nd ed.
_a 580 GLI 2006
100 _aGlimn-Lacy Janice
_93423
245 _aBotany illustrated:
_bintroduction to plants,major groups,flowering plant family
250 _a2nd ed.
260 _aNew York;
_bSpringer,
_c2006
300 _axiv,146p;
_bill
_c28cm
504 _aGlossary & index included
650 _aBotany
_91777
700 _aKaufman, Peter B.
_93424
942 _2z
_cO_SHELF
999 _c1284
_d1284